000 00401nam a2200157Ia 4500
008 160316s2004 xxu||||| |||| 00| 0 eng d
082 _a346.066000
_bRAM-III-1
100 _aRamaiya A
245 _aGuide to the companies act Part 3
250 _a16th
260 _aAgra
_bWadhwa and Co.
_c2004
300 _a4849p
_b
_cccxli
365 _bRs.5,9999 4 vo
650 _a1. Company Law
700 _a
_a
999 _c21208
_d21208